000 01756nam a2200433 c 4500
999 _c157558
_d157558
003 BLK
005 20241130150146.0
008 180410b bul|||||r ||||||| ||bul||
010 _aKNG00164505000
020 _a978-954-535-753-4
040 _aBLK
041 _aBUL
_cBUL
072 7 _2bullib
_aН61
_xМедицина Н
080 _b376.3
_x(075.8)
_z376.3(075.8)
100 1 _aТодорова, Екатерина Въткова
_eпърви автор
_9297380
139 _aТодорова, Екатерина Въткова
_bТ 64
245 1 0 _aСпецифични артикулационни нарушения през детството
_cЕкатерина Тодорова; предг. Живка Винарова; науч. ред. Ваня Матанова.
257 _aBGR
260 _aСофия
_bНов бълг. унив.
_c2013
_fСофия : Планета 3
300 _a224 с.
_bс табл.
_c21 см
380 _a3
500 _aТерминологичен речник: с. 217-223. - Библиогр.: с. 205-216.
650 4 _aГовор - при децата
_9246134
650 4 _aАртикулация - при децата
_9147402
653 _aговор
653 _aартикулация
653 _aдеца
653 _aлогопедия
659 _aН
700 1 _aВинарова, Живка Бориславова
_eпредг. от
_9381367
700 1 _aМатанова, Ваня Лукова
_eнауч. ред.
_9381368
852 _aЦб 270513
856 4 _qpdf
856 4 _qpdf
942 _cKNG
_n0
_s1
_04
944 _aCR
_c01.09.2014
_k30563
_lИвелин Русев
944 _aED
_c23.04.2015
_kГеновева_Генчева
999 _d157558